=LDR 00000nam 2200000 4500 =001 INLIS000000000020632 =005 20130612115556 =008 ***********************************Ind** =035 ##$$0010-061300000020632 =041 ##$$a Ind =082 ##$$a 636.03 =090 ##$$a 636.03, Glo g =245 ##$$a Glosariman peternakan, Penyunting, Supratini Mansddeer =260 ##$$a 2002 $b Jakarta =300 ##$$a 197 hlm, 21 cm =650 ##$$a Peternakan-Glosariwi =850 ##$$a NBPNMAT